| 000 | 00633nam a2200217 i 4500 | ||
|---|---|---|---|
| 001 | 63504 | ||
| 003 | ES-MaACL | ||
| 005 | 20230906164905.0 | ||
| 007 | t| | ||
| 008 | 031211s1987 sp ||||1| spa d | ||
| 020 | _a84-7683-058-0 | ||
| 100 | 1 |
_aFerreras, Juan Ignacio. _950525 |
|
| 245 | 1 | 0 |
_aLaberinto / _cJuan Ignacio Ferreras. |
| 260 |
_aMadrid : _bEdiciones Libertarias, _c[1987] |
||
| 300 |
_a1 v. ; _c20 cm. |
||
| 490 | 1 |
_aNueva narrativa española ; _v43 |
|
| 500 | _aDed. autógr. del autor. | ||
| 830 | 0 |
_aNueva narrativa española ; _v43 _9182892 |
|
| 852 |
_aES-MaACL _jP-574 _bR.114725 |
||
| 999 |
_c63504 _d63504 |
||